000 00457nam a2200133Ia 4500
008 171207s9999 xx 000 0 und d
100 _aAli, Shainna.
245 _a Diversity and Dance: Exploring the Therapeutic Implications of World Dance
245 _cShainna Ali, Katelyn Cushey & Alina Siddiqui
260 _c2017
300 _apages 31-47, January-March 2017
440 _aJournal of Creativity in Mental Health
_v12:1
650 _aMENTAL HEALTH
999 _c347501
_d347501